[Event "Morava-ch"]
[Site "Orlova"]
[Date "2023.10.26"]
[Round "4"]
[White "Buchta, Vaclav"]
[Black "Lang, Simon"]
[Result "0-1"]
[WhiteElo "1886"]
[BlackElo "2086"]
[PlyCount "58"]
[EventDate "2023.10.24"]
[EventType "swiss"]
[EventRounds "9"]
[EventCountry "CZE"]
[SourceTitle "Mega2024 Update 01"]
[Source "Chessbase"]
[SourceDate "2023.11.12"]
[SourceVersion "1"]
[SourceVersionDate "2023.11.12"]
[SourceQuality "1"]

1. e4 e6 2. d3 d5 3. Nd2 c5 4. Ngf3 Nc6 5. g3 g6 6. Bg2 Bg7 7. 0-0 Nge7 8. Re1 b6 9. Qe2 Qc7 10. Nf1 a5 11. Bf4 Qd8 12. Ne3 dxe4 13. dxe4 e5 14. Rad1 Nd4 15. Nxd4 cxd4 16. Bxe5 Ba6 17. Qxa6 Rxa6 18. Bxg7 Rg8 19. Bxd4 h5 20. Bf6 Qc8 21. Nd5 Nxd5 22. exd5+ Kf8 23. d6 Ra7 24. Re7 Qxc2 25. Rxa7 Qxd1+ 26. Bf1 Qf3 27. Bc3 g5 28. h3 Rg6 29. d7 Rd6 0-1

[Event "Morava-ch"]
[Site "Orlova"]
[Date "2023.10.24"]
[Round "1"]
[White "Buchta, Vaclav"]
[Black "Hobza, Radek"]
[Result "1-0"]
[WhiteElo "1886"]
[BlackElo "1378"]
[PlyCount "65"]
[EventDate "2023.10.24"]
[EventType "swiss"]
[EventRounds "9"]
[EventCountry "CZE"]
[SourceTitle "Mega2024 Update 01"]
[Source "Chessbase"]
[SourceDate "2023.11.12"]
[SourceVersion "1"]
[SourceVersionDate "2023.11.12"]
[SourceQuality "1"]

1. e4 c5 2. Nf3 e6 3. d3 Nc6 4. Nbd2 d5 5. g3 Bd6 6. Bg2 Nf6 7. 0-0 d4 8. a4 0-0 9. Nc4 e5 10. Nh4 Bc7 11. Nf5 Ne7 12. g4 h6 13. Qf3 Nxf5 14. exf5 Re8 15. Nd2 Qd6 16. Ne4 Nxe4 17. dxe4 c4 18. h4 g6 19. Rd1 gxf5 20. gxf5 Qf6 21. Qh5 Kh7 22. Bg5 Qg7 23. Bxh6 Qxh6 24. Qxf7+ Qg7 25. Qh5+ Kg8 26. Qxe8+ Kh7 27. Qh5+ Kg8 28. Ra3 d3 29. cxd3 Bd6 30. Rc3 Bc5 31. dxc4 Bd7 32. Rxd7 Qxd7 33. Rg3+ 1-0

[Event "Brno Trade op"]
[Site "Brno"]
[Date "2021.09.04"]
[Round "8"]
[White "Buchta, Vaclav"]
[Black "Sojka, Oldrich"]
[Result "0-1"]
[WhiteElo "1119"]
[BlackElo "1417"]
[PlyCount "64"]
[EventDate "2021.08.29"]
[EventType "swiss"]
[EventRounds "9"]
[EventCountry "CZE"]
[SourceTitle "CBM 204 Extra"]
[Source "ChessBase"]
[SourceDate "2021.11.30"]
[SourceVersion "1"]
[SourceVersionDate "2021.11.30"]
[SourceQuality "1"]

1. d4 d5 2. Nf3 Nf6 3. e3 g6 4. Bd3 Nc6 5. Nbd2 a6 6. 0-0 Bg7 7. c3 Bg4 8. Qe2 Qd7 9. h3 Bxf3 10. Qxf3 e5 11. e4 dxe4 12. Nxe4 Nxe4 13. Qxe4 0-0-0 14. Be3 exd4 15. cxd4 f5 16. Qf3 Bxd4 17. Bg5 Rde8 18. Rac1 Ne5 19. Qg3 Nxd3 20. Rcd1 Ne5 21. Rfe1 Nf7 22. Rxe8+ Rxe8 23. Be3 Rxe3 24. fxe3 Bxe3+ 25. Qxe3 Qxd1+ 26. Kh2 Qd6+ 27. g3 Ne5 28. b4 Qe7 29. Qb3 Qe8 30. g4 Nc6 31. b5 Nd4 32. Qd5 Qe2+ 0-1

[Event "Brno Trade op"]
[Site "Brno"]
[Date "2021.08.31"]
[Round "4"]
[White "Buchta, Vaclav"]
[Black "Vavrinkova, Marie"]
[Result "1/2-1/2"]
[WhiteElo "1119"]
[BlackElo "1492"]
[PlyCount "82"]
[EventDate "2021.08.29"]
[EventType "swiss"]
[EventRounds "9"]
[EventCountry "CZE"]
[SourceTitle "CBM 204 Extra"]
[Source "ChessBase"]
[SourceDate "2021.11.30"]
[SourceVersion "1"]
[SourceVersionDate "2021.11.30"]
[SourceQuality "1"]

1. b3 Nf6 2. Bb2 e6 3. Nf3 d5 4. e3 Bd6 5. d4 Nbd7 6. Nbd2 0-0 7. Bd3 Re8 8. Ne5 c5 9. Ndf3 Qa5+ 10. Qd2 Qc7 11. Nxd7 Nxd7 12. Qe2 e5 13. dxe5 Nxe5 14. Nxe5 Bxe5 15. 0-0-0 Bxb2+ 16. Kxb2 Qe5+ 17. Kb1 Be6 18. e4 dxe4 19. Qxe4 Qxe4 20. Bxe4 Bxb3 21. Bxb7 Rab8 22. axb3 Rxb7 23. Rhe1 Reb8 24. Re3 c4 25. Ka2 cxb3+ 26. Rxb3 Kf8 27. Rdb1 Rxb3 28. Rxb3 Re8 29. c3 Ke7 30. Rb7+ Kf6 31. Kb3 Ra8 32. c4 a6 33. c5 Ke6 34. Kc4 a5 35. Rb6+ Kd7 36. Kd5 Kc7 37. Rc6+ Kd7 38. Rb6 Kc7 39. Rc6+ Kd7 40. Rd6+ Kc7 41. c6 Rd8 1/2-1/2